<?xml version="1.0" encoding="UTF-8"?>
<record
    xmlns:xsi="http://www.w3.org/2001/XMLSchema-instance"
    xsi:schemaLocation="http://www.loc.gov/MARC21/slim http://www.loc.gov/standards/marcxml/schema/MARC21slim.xsd"
    xmlns="http://www.loc.gov/MARC21/slim">

  <leader>03252cam a2200373 i 4500</leader>
  <controlfield tag="001">a45338516</controlfield>
  <controlfield tag="003">SIRSI</controlfield>
  <controlfield tag="005">20250827123144.0</controlfield>
  <controlfield tag="008">240105t20242024sp            000 1 spa d</controlfield>
  <datafield tag="020" ind1=" " ind2=" ">
    <subfield code="a">9788439742999</subfield>
    <subfield code="q">(paperback)</subfield>
  </datafield>
  <datafield tag="029" ind1="1" ind2=" ">
    <subfield code="a">AU@</subfield>
    <subfield code="b">000077548650</subfield>
  </datafield>
  <datafield tag="035" ind1=" " ind2=" ">
    <subfield code="a">(OCoLC)1416627200</subfield>
  </datafield>
  <datafield tag="040" ind1=" " ind2=" ">
    <subfield code="a">YDX</subfield>
    <subfield code="b">eng</subfield>
    <subfield code="e">rda</subfield>
    <subfield code="c">YDX</subfield>
    <subfield code="d">OCLCO</subfield>
    <subfield code="d">BDX</subfield>
    <subfield code="d">VA@</subfield>
    <subfield code="d">COD</subfield>
    <subfield code="d">OCLCO</subfield>
    <subfield code="d">OCLCQ</subfield>
    <subfield code="d">C3L</subfield>
    <subfield code="d">NTG</subfield>
    <subfield code="d">OCLCO</subfield>
    <subfield code="d">JQW</subfield>
    <subfield code="d">UtOrBLW</subfield>
  </datafield>
  <datafield tag="041" ind1=" " ind2=" ">
    <subfield code="a">Spanish</subfield>
  </datafield>
  <datafield tag="043" ind1=" " ind2=" ">
    <subfield code="a">s-ec---</subfield>
    <subfield code="a">sn-----</subfield>
  </datafield>
  <datafield tag="050" ind1=" " ind2="4">
    <subfield code="a">PQ8220.425.J433</subfield>
    <subfield code="b">C43 2024</subfield>
  </datafield>
  <datafield tag="100" ind1=" " ind2=" ">
    <subfield code="a">Ojeda, M&#xF3;nica,</subfield>
    <subfield code="d">1988-</subfield>
    <subfield code="e">author.</subfield>
    <subfield code="1">https://id.oclc.org/worldcat/entity/E39PBJqk8wpp4bvQqYgJ34q4v3</subfield>
    <subfield code="0">http://id.loc.gov/authorities/names/no2016162007</subfield>
    <subfield code="4">http://id.loc.gov/vocabulary/relators/aut</subfield>
  </datafield>
  <datafield tag="245" ind1="1" ind2="0">
    <subfield code="a">Chamanes el&#xE9;ctricos en la fiesta del sol </subfield>
    <subfield code="c">/ M&#xF3;nica Ojeda.</subfield>
  </datafield>
  <datafield tag="250" ind1=" " ind2=" ">
    <subfield code="a">First edition</subfield>
  </datafield>
  <datafield tag="264" ind1=" " ind2="1">
    <subfield code="a">Barcelona :</subfield>
    <subfield code="b">Random House,</subfield>
    <subfield code="c">2024.</subfield>
  </datafield>
  <datafield tag="264" ind1=" " ind2="4">
    <subfield code="c">&#xA9;2024</subfield>
  </datafield>
  <datafield tag="300" ind1=" " ind2=" ">
    <subfield code="a">287 pages ;</subfield>
    <subfield code="c">23 cm</subfield>
  </datafield>
  <datafield tag="520" ind1=" " ind2=" ">
    <subfield code="a">"A&#xF1;o 5540 del calendario andino. Noa decide escaparse de su Guayaquil natal con su mejor amiga, Nicole, para asistir al Ruido Solar, un macrofestival popular que anualmente congrega, durante ocho d&#xED;as y siete noches, a miles de j&#xF3;venes --entre m&#xFA;sicos, bailarines, poetas y chamanes-- a los pies de uno de los numerosos volcanes de los Andes. Atr&#xE1;s quedan las familias y la violencia de las ciudades, y se despliega un paisaje alucinado que tiembla al ritmo de la m&#xFA;sica y las erupciones volc&#xE1;nicas bajo un cielo surcado por meteoritos. Para Noa esta ser&#xE1; la primera parada antes de ir al reencuentro del padre que la abandon&#xF3; cuando era una ni&#xF1;a y que desde hace a&#xF1;os habita los bosques altos, un territorio donde tambi&#xE9;n se esconden los desaparecidos, aquellos que una vez subieron al Ruido y nunca regresaron a sus hogares"--Cover, page 4.</subfield>
  </datafield>
  <datafield tag="520" ind1=" " ind2=" ">
    <subfield code="a">"It's year 5540 on the Andean calendar.  Noa decides to escape her hometown of Guayaquil with her best friend, Nicole, to attend Solar Noise, an annual eight-day festival that attracts thousands of young people - musicians, dancers, poets and shamans - to the base of one of the Andes' many volcanos. Leaving behind their families and the violence of urban life, the festivalgoers enter a hallucinatory landscape where the ground shakes to the beat of the music and volcanic rumblings, under a sky lit up by meteorites. For Noa, it's the first stop on the way to reuniting with her father, who abandoned her when she was a girl and has lived for years in the high mountain forests, rumored to be the refuge of former Solar Noise attendees who never made it back home"--Amazon.com.</subfield>
  </datafield>
  <datafield tag="546" ind1=" " ind2=" ">
    <subfield code="a">In Spanish.</subfield>
  </datafield>
  <datafield tag="650" ind1=" " ind2="0">
    <subfield code="a">Young women</subfield>
    <subfield code="z">Ecuador</subfield>
    <subfield code="v">Fiction.</subfield>
  </datafield>
  <datafield tag="650" ind1=" " ind2="0">
    <subfield code="a">Best friends</subfield>
    <subfield code="v">Fiction.</subfield>
    <subfield code="0">http://id.loc.gov/authorities/subjects/sh2008117475</subfield>
  </datafield>
  <datafield tag="650" ind1=" " ind2="0">
    <subfield code="a">Fathers and daughters</subfield>
    <subfield code="v">Fiction</subfield>
    <subfield code="0">http://id.loc.gov/authorities/subjects/sh2008103515</subfield>
    <subfield code="9">22885</subfield>
  </datafield>
  <datafield tag="650" ind1=" " ind2="0">
    <subfield code="a">Missing persons</subfield>
    <subfield code="v">Fiction</subfield>
    <subfield code="0">http://id.loc.gov/authorities/subjects/sh2008107165</subfield>
    <subfield code="9">24148</subfield>
  </datafield>
  <datafield tag="650" ind1=" " ind2="0">
    <subfield code="a">Festivals</subfield>
    <subfield code="v">Fiction.</subfield>
    <subfield code="0">http://id.loc.gov/authorities/subjects/sh2008120150</subfield>
  </datafield>
  <datafield tag="650" ind1=" " ind2="0">
    <subfield code="a">Spanish fiction</subfield>
    <subfield code="0">http://id.loc.gov/authorities/subjects/sh85126248</subfield>
    <subfield code="9">11495</subfield>
  </datafield>
  <datafield tag="655" ind1=" " ind2="0">
    <subfield code="a">Dystopian fiction</subfield>
    <subfield code="2">lcgft</subfield>
    <subfield code="0">http://id.loc.gov/authorities/genreForms/gf2014026302</subfield>
    <subfield code="9">25624</subfield>
  </datafield>
  <datafield tag="942" ind1=" " ind2=" ">
    <subfield code="2">lcc</subfield>
  </datafield>
  <datafield tag="952" ind1=" " ind2=" ">
    <subfield code="0">0</subfield>
    <subfield code="1">0</subfield>
    <subfield code="2">lcc</subfield>
    <subfield code="4">0</subfield>
    <subfield code="7">0</subfield>
    <subfield code="a">TBS</subfield>
    <subfield code="b">TBS</subfield>
    <subfield code="d">2025-08-27</subfield>
    <subfield code="l">1</subfield>
    <subfield code="o">P-SP OJE</subfield>
    <subfield code="p">B06039</subfield>
    <subfield code="r">2026-05-11</subfield>
    <subfield code="s">2025-11-14</subfield>
    <subfield code="t">1</subfield>
    <subfield code="w">2025-08-27</subfield>
    <subfield code="y">1</subfield>
  </datafield>
  <datafield tag="999" ind1=" " ind2=" ">
    <subfield code="c">4879</subfield>
    <subfield code="d">4879</subfield>
  </datafield>
</record>
